[Event "POL-chT 2nd League"]
[Site "Lazy"]
[Date "2012.09.02"]
[Round "2"]
[White "Leszner, Liliana"]
[Black "Sygulska, Anna"]
[Result "0-1"]
[WhiteElo "2068"]
[BlackElo "1898"]
[PlyCount "120"]
[EventDate "2012.09.01"]
[EventType "team-swiss"]
[EventRounds "9"]
[EventCountry "POL"]
[SourceTitle "EXT 2019"]
[Source "ChessBase"]
[SourceDate "2018.10.10"]
[SourceVersion "1"]
[SourceVersionDate "2018.10.10"]
[SourceQuality "1"]
[WhiteTeam "Gostynin Gostmat 83"]
[BlackTeam "Przemysl MKS Polonia"]
[WhiteTeamCountry "POL"]
[BlackTeamCountry "POL"]

1. e4 c5 2. f4 Nc6 3. Nf3 g6 4. g3 Bg7 5. Bg2 d6 6. d3 e6 7. c3 Nge7 8. 0-0 0-0 9. Be3 Qc7 10. Nbd2 b6 11. Re1 Bb7 12. Bf2 Rad8 13. Qc2 Rd7 14. Bh3 Re8 15. Rac1 Qb8 16. d4 Rdd8 17. Qa4 a6 18. Qb3 Ba8 19. a4 Na5 20. Qa2 Nac6 21. Ng5 h6 22. Ngf3 Qc7 23. b4 cxb4 24. cxb4 Qb7 25. Rb1 b5 26. axb5 axb5 27. Bf1 Rb8 28. g4 Qd7 29. h3 Kh8 30. Bd3 Rf8 31. Qa6 Qb7 32. Qa2 Qd7 33. Kh2 Nd8 34. Rec1 f5 35. gxf5 gxf5 36. e5 Nd5 37. Bg3 dxe5 38. fxe5 Nc6 39. Qa6 Ndxb4 40. Qa3 Nxd3 41. Qxd3 f4 42. Bf2 Nxe5 43. Nxe5 Bxe5 44. Qg6 Bg7 45. Nb3 Bd5 46. Nc5 Qf7 47. Rg1 Ra8 48. Qxf7 Rxf7 49. Rb2 Ra2 50. Rxa2 Bxa2 51. Re1 Re7 52. Re4 Bd5 53. Rxf4 b4 54. Bh4 Ra7 55. Bf6 Ra2+ 56. Kg3 Rg2+ 57. Kh4 b3 58. Bxg7+ Kxg7 59. Rf1 b2 60. Na4 Ba2 0-1

[Event "POL-chT1"]
[Site "Mrzezyno"]
[Date "2011.09.09"]
[Round "7"]
[White "Leszner, Liliana"]
[Black "Przezdziecka, Ewa"]
[Result "1/2-1/2"]
[WhiteElo "2087"]
[BlackElo "2155"]
[PlyCount "74"]
[EventDate "2011.09.03"]
[EventType "team-tourn"]
[EventRounds "9"]
[EventCountry "POL"]
[SourceTitle "CBM 144 Extra"]
[Source "ChessBase"]
[SourceDate "2011.10.28"]
[SourceVersion "1"]
[SourceVersionDate "2011.10.28"]
[SourceQuality "1"]
[WhiteTeam "Gostynin Gostmat 83 "]
[BlackTeam "Legnica Miedz"]
[WhiteTeamCountry "POL"]
[BlackTeamCountry "POL"]

1. e4 c5 2. g3 a6 3. Bg2 Nc6 4. d3 e6 5. f4 d5 6. e5 Nge7 7. c3 b5 8. Nf3 Bb7 9. Be3 Nf5 10. Bf2 h5 11. a4 b4 12. Nbd2 a5 13. 0-0 Rc8 14. c4 d4 15. Ne4 Be7 16. Nfg5 Ba8 17. Qe2 Nxe5 18. Nxe6 fxe6 19. fxe5 Qc7 20. g4 hxg4 21. Qxg4 Qxe5 22. Bg3 Nxg3 23. hxg3 Bxe4 24. Bxe4 Qg5 25. Bg6+ Kd7 26. Qxg5 Bxg5 27. Rf7+ Kd6 28. Raf1 Bf6 29. Ra7 Ra8 30. Rb7 Rhb8 31. Rf7 Rf8 32. Rb7 Be5 33. Rb6+ Kc7 34. Rxe6 Rxf1+ 35. Kxf1 Rf8+ 36. Kg2 Bd6 37. Be4 Kd7 1/2-1/2

[Event "POL-chT1"]
[Site "Mrzezyno"]
[Date "2011.09.07"]
[Round "5"]
[White "Leszner, Liliana"]
[Black "Jakubiec, Edyta"]
[Result "1-0"]
[WhiteElo "2087"]
[BlackElo "2215"]
[PlyCount "61"]
[EventDate "2011.09.03"]
[EventType "team-tourn"]
[EventRounds "9"]
[EventCountry "POL"]
[SourceTitle "CBM 144 Extra"]
[Source "ChessBase"]
[SourceDate "2011.10.28"]
[SourceVersion "1"]
[SourceVersionDate "2011.10.28"]
[SourceQuality "1"]
[WhiteTeam "Gostynin Gostmat 83 "]
[BlackTeam "Krakow TKKF Drogowiec"]
[WhiteTeamCountry "POL"]
[BlackTeamCountry "POL"]

1. e4 c5 2. d3 b6 3. g3 Bb7 4. Bg2 e6 5. Nh3 Be7 6. 0-0 d6 7. Be3 Nc6 8. c3 Nf6 9. f4 Qd7 10. a4 h5 11. Nf2 d5 12. e5 d4 13. Bd2 Nd5 14. Na3 h4 15. Nc4 hxg3 16. hxg3 f5 17. exf6 gxf6 18. Qe2 0-0-0 19. a5 b5 20. a6 Ba8 21. Na3 Nc7 22. c4 b4 23. Nb5 Ne8 24. Rfe1 Ng7 25. Ne4 Rdg8 26. Kf2 Kb8 27. Rh1 Nd8 28. Rxh8 Rxh8 29. Rh1 Rxh1 30. Bxh1 Qc6 31. Nxf6 1-0